000 00972nas a2200325 4500
001 BR0702429
003 BR-BrBNA
005 20231205110759.0
007 ta
008 230509b bl.|||p| |||| 00| 00por d
040 _aBR-BrBNA
_bpor
_cBiblioteca Nacional de Agricultura
041 _a(Pt)
072 _aF03; F62
100 1 _aAvila, M.R.
100 1 _aBraccini, A. de L. e
100 1 _aScapim, C.A.
100 1 _aFagliari, J.R.
100 1 _aSantos, J.L. dos
245 1 _aInfluencia do estresse hidrico simulado com manitol na germinação de sementes e crescimento de plantulas de canola
650 _aCOLZA
650 _aSEMENTE
650 _aSTRESS
650 _aBALANÇO HIDRICO
650 _aGERMINAÇÃO
650 _aCRESCIMENTO
650 _aPLANTULA
773 0 _tRevista Brasileira de Sementes (Brazil)
_xISSN 0101-3122
_g(Apr 2007), v. 29(1) p. 98-106
_wBR0702429
909 _a202311
_bLúcia
_c55
_dLúcia Elande
942 _2AGRIS
_n0
_cANA
999 _c189036
_d189036